LEADER 01520nam--2200421---450- 001 990000705240203316 005 20080111144436.0 010 $a92-823-0215-6 035 $a0070524 035 $aUSA010070524 035 $a(ALEPH)000070524USA01 035 $a0070524 100 $a20011023d1990----km-y0itay0103----ba 101 $afre 102 $aLU 105 $a||||||||001yy 200 1 $a<>impact de l'unification allemande sur la Communauté européenne$eParlament européen, Direction générale des études 210 $aLuxembourg$cOffice des publications officielles des Communautés européennes$d1990 215 $a179 p.$d30 cm 225 2 $aDossier d'études et de documnetation$iDocument de travail$v1 410 0$12001$aDossier d'études et de documnetation$iDocument de travail$v1 601 02$aComunità europea e Germania 607 $aGermania$xRiunificazione$z1984-1989 676 $a943.0878 699 $a01.02$bUnione europea. Unificazione 710 02$aPARLAMENTO EUROPEO$0324711 801 0$aIT$bsalbc$gISBD 912 $a990000705240203316 951 $aCDE 01.02 (XXXI)$bCDE 334$cCDE 01.02$d00148803 959 $aBK 969 $aCDE 979 $aPATTY$b90$c20011023$lUSA01$h1913 979 $c20020403$lUSA01$h1719 979 $aPATRY$b90$c20040406$lUSA01$h1648 979 $aMARIAS$b90$c20080111$lUSA01$h1435 979 $aMARIAS$b90$c20080111$lUSA01$h1444 996 $aImpact de l'unification allemande sur la Communauté européenne$9961658 997 $aUNISA LEADER 02002oam 2200493 a 450 001 9910700295503321 005 20140407091906.0 035 $a(CKB)5470000002408017 035 $a(OCoLC)716093111$z(OCoLC)870498388 035 $a(EXLCZ)995470000002408017 100 $a20110428d1995 ua 0 101 0 $aeng 135 $aurcn||||||||| 181 $ctxt$2rdacontent 182 $cc$2rdamedia 183 $acr$2rdacarrier 200 00$aGuide for implementing the comprehensive strategy for serious, violent, and chronic juvenile offenders$b[electronic resource] /$fNational Council on Crime and Delinquency [and] Developmental Research and Programs, Inc 210 1$a[Washington, D.C.] :$cU.S. Dept. of Justice, Office of Justice Programs, Office of Juvenile Justice and Delinquency Prevention,$d[1995] 215 $a1 online resource (xiii, 255 pages) $ccolor illustrations 300 $aTitle from title screen (viewed on Apr. 28, 2011). 300 $a"Editor James C. Howell, Director." 300 $a"Shay Bilchik, Administrator." 300 $a"May 1995." 320 $aIncludes bibliographical references (pages 231-252). 606 $aJuvenile delinquency$zUnited States$xPrevention 606 $aJuvenile delinquents$xRehabilitation$zUnited States 615 0$aJuvenile delinquency$xPrevention. 615 0$aJuvenile delinquents$xRehabilitation 701 $aBilchik$b Shay$01388599 701 $aHowell$b James C$085682 712 02$aUnited States.$bOffice of Juvenile Justice and Delinquency Prevention. 712 02$aNational Council on Crime and Delinquency. 712 02$aDevelopmental Research and Programs, Inc. 801 0$bGPO 801 1$bGPO 801 2$bOCLCQ 801 2$bOCLCA 801 2$bOCLCF 801 2$bOCLCE 801 2$bGPO 906 $aBOOK 912 $a9910700295503321 996 $aGuide for implementing the comprehensive strategy for serious, violent, and chronic juvenile offenders$93542063 997 $aUNINA